| 000 | 01681nam a2200457 c 4500 | ||
|---|---|---|---|
| 001 | 23841 | ||
| 003 | ES-MaCES | ||
| 005 | 20150929135824.0 | ||
| 008 | 110615s2011 sp d t o010 | spa d | ||
| 017 |
_aM 9373-2011 _bDL |
||
| 020 | _a9788499380605 | ||
| 035 | _aCES20110004835m | ||
| 040 |
_aES-MaCES _bspa _cES-MaCES |
||
| 245 | 0 | 0 |
_aDesafíos de la cohesión social en tiempos de crisis _b: diálogo euro-latinoamericano _cM. Zupi y E. Estruch Puertas (eds.) |
| 250 | _a1ª ed | ||
| 260 |
_aMadrid _bEditorial Complutense _bFIIAPP (Fundación Internacional y para Iberoamérica de Administración y Políticas Públicas) _c2011 |
||
| 300 |
_a474 p. _bgráf. bl. y n. _c24 cm |
||
| 490 | 1 | _aEstudios de gobernabilidad y desarrollo | |
| 504 | _aBibliografía | ||
| 541 | _cCompra | ||
| 650 | 4 |
_acohesión social _930743 |
|
| 650 | 4 |
_apobreza _927112 |
|
| 650 | 4 |
_adesigualdad social _930789 |
|
| 650 | 4 |
_acrisis económica _927102 |
|
| 650 | 4 |
_apolítica social _927029 |
|
| 650 | 4 |
_apolítica sanitaria _929366 |
|
| 650 | 4 |
_apolítica educativa _927373 |
|
| 650 | 4 |
_acooperación internacional _926635 |
|
| 650 | 4 |
_aAmérica Latina _926882 |
|
| 653 | 1 | 0 | _aAsuntos Sociales |
| 650 | 4 |
_928300 _apolítica de empleo |
|
| 650 | 4 |
_926752 _aUE |
|
| 650 | 4 |
_930664 _aconcertación social |
|
| 700 | 1 |
_aZupi, M. _eed. lit. _926623 |
|
| 700 | 1 |
_aEstruch Puertas, E. _eed. lit. _911506 |
|
| 710 | 2 |
_aFundación Internacional y para Iberoamérica de Administración y Políticas Públicas _eed. _93844 |
|
| 830 | 0 |
_aEstudios de gobernabilidad y desarrollo _934600 |
|
| 902 | _aLIB Libro | ||
| 942 |
_2CES _cBK _h3.3. |
||
| 999 |
_c23841 _d23841 |
||